000 01085nmm a2200361 a 4500
003 AR-BaBNM
005 20251128203152.0
008 186119s1966 ||||||||||||||000 | spa||
040 _cAR-BaBNM
100 1 _aGuillén de Rezzano, Clotilde
_d1880-1951
245 1 0 _aDidáctica especial
_bde acuerdo con el programa de 5to año del ciclo del Magisterio
250 _a10ª ed.
260 _aBuenos Aires
_bKapelusz
_c1966
300 1 _axvi, 316 p.
_bil.
500 0 _aApéndice p. 301-316
650 4 _aDIDACTICA
650 4 _aENSENANZA DE LA LECTURA
650 4 _aENSENANZA DE LA ESCRITURA
650 4 _aENSENANZA DE LA ORTOGRAFIA
650 4 _aENSENANZA DE LAS MATEMATICAS
650 4 _aENSENANZA DE LA CIENCIA
650 4 _aENSENANZA DE LA GEOGRAFIA
650 4 _aENSENANZA DE LA HISTORIA
650 4 _aEDUCACION CIVICA
650 4 _aEDUCACION MORAL
650 4 _aEDUCACION ESTETICA
650 4 _aEDUCACION FISICA
653 0 _aENSENANZA DE LA LENGUA
653 0 _aENSENANZA DE LA GEOMETRIA
653 0 _aTRABAJO MANUAL
942 _cBK
998 _cCarmen
999 _c2214
_d2214